Origen, epocas y progresos del teatro español : (Record no. 70556)

MARC details
000 -LEADER
campo de control de longitud fija 01116nam a2200217 i 4500
001 - NÚMERO DE CONTROL
campo de control 70556
003 - IDENTIFICADOR DE NÚMERO DE CONTROL
campo de control ES-MaACL
005 - FECHA Y HORA DE LA ÚLTIMA TRANSACCIÓN
campo de control 20250907063047.0
007 - CAMPO FIJO DE DESCRIPCIÓN FÍSICA--INFORMACIÓN GENERAL
campo de control de longitud fija t|
008 - DATOS DE LONGITUD FIJA--INFORMACIÓN GENERAL
campo de control de longitud fija 040728s1802 sp ||||1| spa d
100 1# - ENTRADA PRINCIPAL--NOMBRE DE PERSONA
Nombre de persona García de Villanueva, Manuel,
Fechas asociadas al nombre m. 1803
9 (RLIN) 142609
245 10 - MENCIÓN DEL TÍTULO
Título Origen, epocas y progresos del teatro español :
Resto del título discurso historico al que acompaña un resumen de los espectaculos, fiestas y recreaciones que desde la mas remota antigüedad se usaron... y un compendio de la historia general de los teatros... /
Mención de responsabilidad, etc. por Manuel García de Villanueva Hugalde y Parra...
260 ## - PUBLICACIÓN, DISTRIBUCIÓN, ETC.
Lugar de publicación, distribución, etc. En Madrid :
Nombre del editor, distribuidor, etc. en la Imprenta de Don Gabriel de Sancha :
-- se hallará en las librerías de Sancha... y del Príncipe de Quiroga... y de Castillo,
Fecha de publicación, distribución, etc. 1802.
300 ## - DESCRIPCIÓN FÍSICA
Extensión XXX, 342 p. ;
Dimensiones 21 cm.
530 ## - NOTA DISPONIBLE DE FORMULARIO FÍSICO ADICIONAL
Nota de formato físico adicional disponible Disponible en formato digital.
650 #4 - PUNTO DE ACCESO ADICIONAL DE MATERIA--TÉRMINO DE MATERIA
Término de materia o nombre geográfico como elemento de entrada Teatro-
Subdivisión geográfica España-
Subdivisión general Historia.
9 (RLIN) 17302
650 #7 - PUNTO DE ACCESO ADICIONAL DE MATERIA--TÉRMINO DE MATERIA
Término de materia o nombre geográfico como elemento de entrada Teatro-
Subdivisión geográfica Europa
Fuente del encabezamiento o término
9 (RLIN) 163539
852 4# - LOCALIZACIÓN
Ubicación BA
Número de control de estantería R-2882
Encuadernación Olim:G-2835
856 ## - LOCALIZACIÓN Y ACCESO ELECTRÓNICOS
Identificador Uniforme de Recursos <a href="http://bdh-rd.bne.es/viewer.vm?id=0000092027&page=1 ">http://bdh-rd.bne.es/viewer.vm?id=0000092027&page=1 </a>
Nota pública Biblioteca Digital Hispánica
Holdings
Estatus retirado Estado de pérdida Estado de daño No para préstamo Colección Biblioteca de origen Biblioteca actual Ubicación en estantería Fecha de adquisición Fuente de adquisición Total de préstamos Signatura topográfica completa Código de barras Visto por última vez Precio de reemplazo Tipo de ítem Koha
        Colección digital Biblioteca del Ateneo de Madrid Biblioteca del Ateneo de Madrid Depósito 17/01/2008     R-2882 1073880 23/02/2023 23/02/2023 Libro impreso antiguo